| 000 | 01004cam a2200289 a 4500 | ||
|---|---|---|---|
| 001 | 14966655 | ||
| 003 | OSt | ||
| 005 | 20160407084350.0 | ||
| 008 | 070814s2007 nyu 000 1 eng | ||
| 010 | _a 2007033491 | ||
| 020 | _a9780525950295 | ||
| 020 | _a052595029X | ||
| 035 | _a(OCoLC)ocn144557883 | ||
| 035 | _a(OCoLC)144557883 | ||
| 040 | _aSEKU | ||
| 050 | 0 | 0 |
_aPR 6111 _b.K43 |
| 082 | 0 | 0 |
_a823/.92 _222 |
| 100 | 1 | _aKhoury, Raymond. | |
| 245 | 1 | 4 |
_aThe sanctuary / _cRaymond Khoury. |
| 260 |
_aNew York : _bDutton, _c2007. |
||
| 300 |
_a432 p. ; _c24 cm. |
||
| 520 | _aMore than 250 years after a pretender marquis escapes the palazzo of his vengeful prince, an American Army unit discovers a secret lab in Baghdad where victims have been subjected to torturous experiments, a finding that places two women on the trail of an ancient mystery. | ||
| 650 | 0 |
_aWomen geneticists _vFiction. |
|
| 650 | 0 |
_aAntiquities _vFiction. |
|
| 655 | 7 |
_aSuspense fiction. _2gsafd |
|
| 942 |
_2lcc _cGEN |
||
| 999 |
_c12479 _d12479 |
||